000 00574nam a2200157 4500
001 144290
003 ES-MaACL
005 20230906201002.0
007 t|
008 070214s1963 sp r ||||1| spa d
100 1 _aSierra Nava, Luis.
_9106281
245 1 3 _aEl episcopado español ante el Decreto de Urquijo
_b: 1799 : seiscientos tálamos inquietos : las travesuras canónicas del ministro Urquijo, 1795-1813 /
_cLuis Sierra Nava.
260 _aMadrid :
_b[s.n.],
_c1963 (
_fGráf. de Ed. Castilla)
300 _a136 p. ;
_c25 cm.
852 _aES-MaACL
_jC-24760
_bR.53445
999 _c144290
_d144290